| 000 | 01563nam1a2200409 i 4500 | ||
|---|---|---|---|
| 001 | RU\NLR\bibl\508375 | ||
| 005 | 20260407084434.0 | ||
| 035 | _a(NLR Aleph) 000500899 | ||
| 090 |
_a1172933 _c1172933 |
||
| 100 | _a20040406g20039999k y0rusy50 ca | ||
| 101 | 0 | _arus | |
| 102 | _aRU | ||
| 105 | _a||||z ||||| | ||
| 200 | 1 |
_aЛексический атлас русских народных говоров _eМатериалы и исслед... _fРос. акад. наук, Ин-т лингв. исслед. _g[Отв. ред.: И.А. Попов] |
|
| 210 |
_aСПб. _cИЛИ _d2003 |
||
| 215 | _d20 | ||
| 463 | 0 | _1001504995 | |
| 463 | 0 | _1001541058 | |
| 463 | 0 | _1001980182 | |
| 463 | 0 | _1001974265 | |
| 463 | 0 | _10011291556 | |
| 463 | 0 | _10011291558 | |
| 463 | 0 | _10011301085 | |
| 463 | 0 | _10011428298 | |
| 463 | 0 | _10011723036 | |
| 463 | 0 | _10011759421 | |
| 463 | 0 | _10011945043 | |
| 606 | 1 |
_aРусский язык _jСборники _xЛингвистическая география _91546521 _3RU\NLR\AUTH\66975941 |
|
| 686 | 1 | _aШ141.12-5я43 | |
| 702 | 1 |
_4340 _8rus _7ca _aПопов _bИ. А. _cд-р филол. наук _f1926-2000 _gИгорь Александрович _3RU\NLR\AUTH\7718252 _91331 |
|
| 712 | 0 | 2 |
_4570 _aИнститут лингвистических исследований _cСанкт-Петербург _3RU\NLR\AUTH\8812421 _9297606 |
| 801 | 0 |
_aRU _bNLR _c20040406 _gPSBO |
|
| 801 | 1 |
_aRU _bNLR _c20040406 |
|
| 830 | _aРед. согл. с орг. кат. | ||
| 852 |
_aNLR _j95-3/4424 |
||
| 942 | _cBOOK | ||